| 000 | 01188 a2200193 4500 | ||
|---|---|---|---|
| 003 | Nust | ||
| 005 | 20221011133615.0 | ||
| 010 | _a 73013814 | ||
| 020 | _a0070386854 | ||
| 040 | _cNust | ||
| 082 | 0 | 0 | _a540,LON |
| 100 | 1 |
_aLongo, Frederick R. _999897 |
|
| 245 | 1 | 0 |
_aGeneral chemistry: _binteraction of matter, energy, and man / _cFrederick R. Longo. |
| 260 |
_aNew York, _bMcGraw-Hill _c[1974] |
||
| 300 |
_axxi, 765 p. _billus. _c24 cm. |
||
| 505 | _aAtoms and Molecules (Page-1), Basic Concepts (Page-9), Electrons in Atoms (Page-37), The Periodic Law (Page-70), Valence Theory (Page-90), The Gaseous State (Page-151), Crystalline Solids (Page-187), Liquid and a Comparison of the Three States of Matter (Page-217), The Dissolved State (Page-242), Thermo chemistry and Thermodynamic (Page-276),Chemical Equilibrium (Page-313), Electrochemistry (Page-341), Acids, Bases and Ions Equilibra (Page-381), Electrolyte Solutions (Page-432), Organs Chemistry (Page-454), The Chemistry of the Living Cell (Page-514), Chemical Kinetics (Page-550), The Transition Metals (Page-645), Nuclear Chemistry (Page-693), The Environment (Page-720), | ||
| 650 | 0 | _aChemistry. | |
| 942 |
_2ddc _cBK |
||
| 999 |
_c183427 _d183427 |
||